00309nam a2200121Ia 4500008004100000100001300041245005900054260002500113300000800138650001600146942000800162999001700170190216s9999||||xx |||||||||||||| ||und|| aGoel R P 0aObjective Type & Short Answer- Question In Mathematics bYoung Man & Coc1985 a372 aMathematics cREF c35699d35699